Central Library OPAC University of Rajshahi

The professional soldier : (Record no. 60629)

MARC details
000 -LEADER
fixed length control field 00796nam a2200253 a 4500
001 - CONTROL NUMBER
control field 60629
003 - CONTROL NUMBER IDENTIFIER
rucl marc code BD-RjUL
005 - DATE AND TIME OF LATEST TRANSACTION
control field 20211209080850.0
008 - FIXED-LENGTH DATA ELEMENTS--GENERAL INFORMATION
fixed length control field 170102s1971 ilu b 001 0 eng d
035 ## - SYSTEM CONTROL NUMBER
System control number (BD-RjUL)60753
040 ## - CATALOGING SOURCE
Original cataloging agency DLC
Transcribing agency DLC
Modifying agency m.c
Language of cataloging eng
041 ## - LANGUAGE CODE
Language code of text/sound track or separate title eng
082 ## - DEWEY DECIMAL CLASSIFICATION NUMBER
Edition number 23
Classification number 355.030973
Author mark and year JAP 1971
100 1# - MAIN ENTRY--PERSONAL NAME
Personal name Janowitz, Morris
9 (RLIN) 180606
245 14 - TITLE STATEMENT
Title The professional soldier :
Remainder of title a social and political portrait /
Statement of responsibility, etc. Morris Janowitz
260 ## - PUBLICATION, DISTRIBUTION, ETC. (IMPRINT)
Place of publication, distribution, etc. Glencoe, Ill :
Name of publisher, distributor, etc. Free Press,
Date of publication, distribution, etc. c1971
300 ## - PHYSICAL DESCRIPTION
Pagination 464 p. ;
Size 22 cm
504 ## - BIBLIOGRAPHY, ETC. NOTE
Bibliography, etc Includes bibliography
650 #0 - SUBJECT ADDED ENTRY--TOPICAL TERM
Topical term or geographic name as entry element Soldiers
Geographic subdivision United States.
9 (RLIN) 180607
Topical term or geographic name as entry element Leadership
9 (RLIN) 172843
651 #0 - SUBJECT ADDED ENTRY--GEOGRAPHIC NAME
Geographic name United States
General subdivision Armed Forces
-- Officers
9 (RLIN) 180608
Geographic name United States
General subdivision Armed Forces
-- Military life
9 (RLIN) 180609
942 ## - ADDED ENTRY ELEMENTS (KOHA)
Source of classification or shelving scheme Dewey Decimal Classification
Koha item type Books
Holdings
Lost status Source of classification or shelving scheme Damaged status Not for loan Collection code Permanent Location Current Location Shelving location Date acquired Source of acquisition Total Checkouts Full call number Date last seen Copy number Koha item type
  Dewey Decimal Classification   Not For Loan Non-fiction Central Library, University of Rajshahi Central Library, University of Rajshahi Reading Room 17/07/1991 Samsunnahar   355.030973 JAP 1971 02/01/2017 C-1 Books